000
00256nam a22001217a 4500
082
_a
823
_b
RAJ/S
100
_a
RAJ, DOMINIC
245
_a
SUPPLEMENTARY READER
260
_a
DELHI
_b
NCERT
_c
1981
300
_a
49
650
_a
ENGLISH STORY
_z
INDIA
942
_c
BK
999
_c
7388
_d
7388